Four Letter Geography - M - Statistics

General Stats
  • This quiz has been taken 88 times
  • The average score is 5 of 10
Answer Stats
Hint Answer % Correct
North African country Mali
97%
Object orbiting Earth Moon
82%
Approximately 5,280 feet Mile
78%
Type of climate Mild
65%
Flat hill with steep sides Mesa
63%
Way of saying mountain Mont
52%
Shallow lake or pond Mere
13%
Water in Japanese Mizu
13%
Valley near Mecca Mina
6%
Island of the Philippines Moro
5%
No matching quizzes found
Score Distribution
Percent of People with Each Score
Percentile by Number Answered
Your Score History
You have not taken this quiz